000
00305nam a2200121Ia 4500
008
230411s9999 xx 000 0 und d
041
_a
eng
082
_a
S/610.73677/PAI/B00508
100
_a
Pai R
_9
176620
245
_a
Pai's Surgery for Undergraduates
260
_b
General
999
_c
151977
_d
151977